| 000 | 00452nmm a2200145Ia 4500 | ||
|---|---|---|---|
| 008 | 251105s9999||||xx |||||||||||||||||und|| | ||
| 041 | _aspa | ||
| 100 | _aCervantes Saavedra, Miguel de | ||
| 245 | 0 | _aEl ingenioso hidalgo Don Quijote de la Mancha (II) | |
| 264 |
_a[Madrid, España] : _bCastalia Ediciones, _c2003 |
||
| 300 | _a616 páginas | ||
| 650 | _aSpanish narrative | ||
| 856 | _uhttps://public.digitaliapublishing.com/a/31065 | ||
| 942 | _cCF | ||
| 999 |
_c104205 _d104205 |
||